| 000 -LEADER |
| fixed length control field |
00576nam a22001937a 4500 |
| 008 - FIXED-LENGTH DATA ELEMENTS--GENERAL INFORMATION |
| fixed length control field |
150612b xxu||||| |||| 00| 0 eng d |
| 020 ## - INTERNATIONAL STANDARD BOOK NUMBER |
| International Standard Book Number |
3822803960 (Leineneinband) |
| 020 ## - INTERNATIONAL STANDARD BOOK NUMBER |
| International Standard Book Number |
3822891290 (Ledereinband) |
| 041 0# - LANGUAGE CODE |
| Language code of text/sound track or separate title |
eng |
| 080 ## - UNIVERSAL DECIMAL CLASSIFICATION NUMBER |
| Universal Decimal Classification number |
79.071 |
| 100 ## - Rafti |
| Rafti |
Walther, Ingo F. |
| 245 00 - TITLE STATEMENT |
| Title |
Vincent van Gogh : |
| Statement of responsibility, etc |
Ingo F. Walther, Rainer Metzger. |
| 260 ## - |
| -- |
Köln : |
| -- |
B. Taschen, |
| -- |
c1994. |
| 300 ## - |
| -- |
95 f. : |
| -- |
me il. : |
| -- |
37 cm. |
| 650 #0 - |
| -- |
Impressionism (Art) |
| 650 #0 - |
| -- |
Impresionizëm (Art) |
| 700 1# - |
| -- |
Metzger, Rainer |
| 942 ## - ADDED ENTRY ELEMENTS (KOHA) |
| Source of classification or shelving scheme |
|
| Item type |
Books |